| 000 | 00608nam a2200205Ia 4500 | ||
|---|---|---|---|
| 003 | OSt | ||
| 005 | 20230508095442.0 | ||
| 008 | 210423s2013 xx 000 0 und d | ||
| 020 | _a9788126517558 | ||
| 040 | _cAL | ||
| 041 | _aeng | ||
| 082 |
_a523.1 WEIS _223 |
||
| 100 |
_aWEINBERG (Steven). _999764 |
||
| 245 | _aGravitation and cosmology: principles and applications of the general theory. | ||
| 260 |
_aNew Delhi _bWiley and Sons _c2013 |
||
| 300 |
_axxviii,657 _bPB |
||
| 365 |
_b559 _cINR |
||
| 906 | _aapplications ; cosmology: ; general ; Gravitation ; principles ; theory. | ||
| 942 |
_2ddc _cBK |
||
| 999 |
_c162394 _d162394 |
||